Ekonomické aspekty podnikania v regióne Južnej Ázie

Združenie krajín Južnej Ázie pre regionálnu spoluprácu (SAARC) - ekonomická základňa pre budúci vývoj spolupráce regiónu s vnútorným a vonkajším ekonomickým prostredím. Vhodné investičné oblasti vyplývajúce predovšetkým z potrieb rozvoja jednotlivých krajín. Najvýznamnejšie dohody o voľnom obchode....

Descrizione completa

Salvato in:
Dettagli Bibliografici
Autore principale: Károlyiová, Ľubomíra
Natura: Capitolo di libro
Lingua:slovacco
Soggetti:
Tags: Aggiungi Tag
Nessun Tag, puoi essere il primo ad aggiungerne!!

MARC

LEADER 00000nla$a2200000$$$4500
001 0091624
005 20240502083232.7
041 0 |a slo 
044 |a CZ 
245 1 0 |a Ekonomické aspekty podnikania v regióne Južnej Ázie  |c Ľubomíra Károlyiová 
520 |a Združenie krajín Južnej Ázie pre regionálnu spoluprácu (SAARC) - ekonomická základňa pre budúci vývoj spolupráce regiónu s vnútorným a vonkajším ekonomickým prostredím. Vhodné investičné oblasti vyplývajúce predovšetkým z potrieb rozvoja jednotlivých krajín. Najvýznamnejšie dohody o voľnom obchode. Priemyselné parky na Srí Lanke. 
610 2 0 |a spolupráca hospodárska medzinárodná 
610 2 0 |a vzťahy medzinárodné 
610 2 0 |a obchod voľný 
610 2 0 |a organizácie medzinárodné 
610 2 0 |a dohody medzinárodné 
610 2 0 |a regióny 
610 2 0 |a oblasti obchodu voľného 
610 2 0 |a Ázia 
610 2 0 |a Srí Lanka 
100 1 |a Károlyiová, Ľubomíra